[Event "BL2-Ost 2122"]
[Site "Germany"]
[Date "2022.07.02"]
[Round "9.6"]
[White "Offinger, Robert"]
[Black "Weishaeutel, Moritz"]
[Result "1/2-1/2"]
[WhiteElo "2183"]
[BlackElo "2407"]
[PlyCount "114"]
[EventDate "2022.03.05"]
[EventType "team-tourn"]
[EventRounds "10"]
[EventCountry "GER"]
[SourceTitle "EXT 2023"]
[Source "ChessBase"]
[SourceDate "2022.10.05"]
[SourceVersion "1"]
[SourceVersionDate "2022.10.05"]
[SourceQuality "1"]
[WhiteTeam "Passau"]
[BlackTeam "Erfurt"]
[WhiteTeamCountry "GER"]
[BlackTeamCountry "GER"]

1. d4 Nf6 2. Bg5 c5 3. Bxf6 gxf6 4. d5 f5 5. c3 Bg7 6. g3 d6 7. Bg2 0-0 8. Nh3 Nd7 9. Nf4 Nf6 10. Nd2 e5 11. dxe6 fxe6 12. e4 fxe4 13. Nxe4 Nxe4 14. Bxe4 d5 15. Bc2 Qg5 16. Qd3 Qh6 17. 0-0 Bd7 18. Rae1 Rae8 19. Nxd5 exd5 20. Qxd5+ Be6 21. Qxb7 Rb8 22. Qxa7 Bh3 23. Bb3+ Rxb3 24. axb3 Qc6 25. f3 Rxf3 26. Qb8+ Rf8 27. Rxf8+ Bxf8 28. Kf2 Qg2+ 29. Ke3 Qxb2 30. Kd3 Qf2 31. Qe5 Bf1+ 32. Rxf1 Qxf1+ 33. Qe2 Qf7 34. Kc2 Bg7 35. Qe3 Qf5+ 36. Qd3 Qg6 37. Kd2 Qh6+ 38. Kd1 Qh5+ 39. Ke1 Bf6 40. h4 Kg7 41. b4 Qe5+ 42. Kf2 cxb4 43. cxb4 Qb2+ 44. Kf3 Qxb4 45. Qd7+ Kh6 46. Qg4 Qc3+ 47. Kg2 Qc2+ 48. Kh3 Qd3 49. Kg2 Qd2+ 50. Kh3 Qc2 51. Qg8 Qf5+ 52. Qg4 Qxg4+ 53. Kxg4 Kg6 54. Kh3 Kf5 55. g4+ Kf4 56. g5 Be7 57. h5 Kxg5 1/2-1/2

[Event "Mittelfrank Regionalliga Sud-Ost 2122"]
[Site "Mittelfranken"]
[Date "2021.11.14"]
[Round "2.2"]
[White "Trapp, Maximilian"]
[Black "Offinger, Robert"]
[Result "1/2-1/2"]
[WhiteElo "2165"]
[BlackElo "2097"]
[PlyCount "38"]
[EventDate "2021.10.24"]
[EventType "team-tourn"]
[EventRounds "9"]
[EventCountry "GER"]
[SourceTitle "EXT 2024"]
[Source "ChessBase"]
[SourceDate "2023.10.10"]
[SourceVersion "1"]
[SourceVersionDate "2023.10.10"]
[SourceQuality "1"]
[WhiteTeam "Freising"]
[BlackTeam "Passau II"]
[WhiteTeamCountry "GER"]
[BlackTeamCountry "GER"]

1. d4 d5 2. Nf3 Nf6 3. Bf4 c6 4. e3 Bg4 5. Nbd2 Nbd7 6. c4 e6 7. Qb3 Qc8 8. Bd3 Be7 9. h3 Bh5 10. 0-0 0-0 11. Rfe1 Bg6 12. Bxg6 hxg6 13. Bg5 Re8 14. Bxf6 gxf6 15. e4 dxe4 16. Nxe4 f5 17. Nc3 Bf6 18. Rad1 Qc7 19. Qc2 Rad8 1/2-1/2

[Event "Oberliga Bayern 1718"]
[Site "Bayern"]
[Date "2017.11.26"]
[Round "3.6"]
[White "Krauss, Josef"]
[Black "Offinger, Robert"]
[Result "1/2-1/2"]
[WhiteElo "2126"]
[BlackElo "2188"]
[PlyCount "42"]
[EventDate "2017.10.22"]
[EventType "team-tourn"]
[EventRounds "9"]
[EventCountry "GER"]
[SourceTitle "EXT 2020"]
[Source "ChessBase"]
[SourceDate "2019.10.17"]
[SourceVersion "1"]
[SourceVersionDate "2019.10.17"]
[SourceQuality "1"]
[WhiteTeam "Schweinfurt"]
[BlackTeam "Passau"]
[WhiteTeamCountry "GER"]
[BlackTeamCountry "GER"]

1. e4 e6 2. d4 d5 3. exd5 exd5 4. c4 Nf6 5. Nc3 Bb4 6. Bd3 0-0 7. Nge2 Bg4 8. 0-0 c5 9. Qb3 dxc4 10. Bxc4 Nc6 11. dxc5 Bxc5 12. Qxb7 Ne5 13. Rd1 Qa5 14. Qb5 Nxc4 15. Qxc4 Rac8 16. Qf4 Rfe8 17. Be3 Bxe3 18. fxe3 Qb6 19. Rd2 Qxe3+ 20. Qxe3 Rxe3 21. Nf4 Ne4 1/2-1/2

[Event "BL2-Ost 1617"]
[Site "Germany"]
[Date "2017.03.19"]
[Round "9.7"]
[White "Kukov, Velislav"]
[Black "Offinger, Robert"]
[Result "1-0"]
[WhiteElo "2358"]
[BlackElo "2194"]
[PlyCount "73"]
[EventDate "2016.10.14"]
[EventType "team-tourn"]
[EventRounds "10"]
[EventCountry "GER"]
[SourceTitle "CBM 177 Extra"]
[Source "ChessBase"]
[SourceDate "2017.04.27"]
[SourceVersion "1"]
[SourceVersionDate "2017.04.27"]
[SourceQuality "1"]
[WhiteTeam "Goeggingen"]
[BlackTeam "Passau"]
[WhiteTeamCountry "GER"]
[BlackTeamCountry "GER"]

1. d4 d5 2. Bf4 c6 3. e3 Bf5 4. c4 Nd7 5. cxd5 cxd5 6. Nc3 e6 7. Nf3 Ngf6 8. Be2 Be7 9. 0-0 0-0 10. Nb5 Ne8 11. Rc1 a6 12. Nc7 Rc8 13. Nxe8 Rxe8 14. Qa4 g5 15. Rxc8 Qxc8 16. Bxg5 Bxg5 17. Nxg5 Qc7 18. Bh5 Bg6 19. Bxg6 hxg6 20. Qb4 Nf6 21. Nf3 Rc8 22. Ne5 Kg7 23. Nd3 Ne4 24. g3 a5 25. Qb5 Qc4 26. Qxb7 Nd6 27. Qb3 Qxb3 28. axb3 Rc2 29. Nc5 Rxb2 30. Ra1 Nb5 31. Rxa5 Nc3 32. Ra7 Kg8 33. Ra1 Nb1 34. Kg2 Nd2 35. h4 Nxb3 36. Ra8+ Kg7 37. Rb8 1-0

[Event "BL2-Ost 1617"]
[Site "Germany"]
[Date "2016.10.14"]
[Round "6.7"]
[White "Walter, Thomas"]
[Black "Offinger, Robert"]
[Result "1-0"]
[WhiteElo "2128"]
[BlackElo "2194"]
[PlyCount "71"]
[EventDate "2016.10.14"]
[EventType "team-tourn"]
[EventRounds "10"]
[EventCountry "GER"]
[SourceTitle "CBM 177 Extra"]
[Source "ChessBase"]
[SourceDate "2017.04.27"]
[SourceVersion "1"]
[SourceVersionDate "2017.04.27"]
[SourceQuality "1"]
[WhiteTeam "Erlangen"]
[BlackTeam "Passau"]
[WhiteTeamCountry "GER"]
[BlackTeamCountry "GER"]

1. e4 e6 2. d4 d5 3. Nc3 Nf6 4. e5 Nfd7 5. f4 c5 6. Nf3 Be7 7. Be3 b6 8. Be2 Nc6 9. 0-0 0-0 10. Kh1 a6 11. Qe1 Qc7 12. Rd1 Bb7 13. Qg3 cxd4 14. Nxd4 Nxd4 15. Bxd4 Bc5 16. Bg4 Bxd4 17. Rxd4 g6 18. Qh3 Nc5 19. Rf3 Kg7 20. Qh4 Qd8 21. Qe1 Qe7 22. Qe3 Rfd8 23. Rh3 Rh8 24. f5 exf5 25. Bxf5 Rae8 26. Qh6+ Kg8 27. Nxd5 Bxd5 28. Rxd5 Qf6 29. Rf3 Rxe5 30. Rxe5 Qxe5 31. Re3 Qb8 32. b4 Qd8 33. Bg4 Ne6 34. Rxe6 Qd7 35. Rxg6+ hxg6 36. Qxh8+ 1-0

[Event "Oberliga Bayern 1516"]
[Site "Bayern"]
[Date "2016.04.10"]
[Round "9.8"]
[White "Majer, Damir"]
[Black "Offinger, Robert"]
[Result "1-0"]
[WhiteElo "2210"]
[BlackElo "2145"]
[PlyCount "55"]
[EventDate "2015.10.11"]
[EventType "team-tourn"]
[EventRounds "9"]
[EventCountry "GER"]
[SourceTitle "EXT 2018"]
[Source "ChessBase"]
[SourceDate "2017.10.13"]
[SourceVersion "1"]
[SourceVersionDate "2017.10.13"]
[SourceQuality "1"]
[WhiteTeam "Bayern Muenchen II"]
[BlackTeam "Passau"]
[WhiteTeamCountry "GER"]
[BlackTeamCountry "GER"]

1. Nf3 d5 2. g3 Nf6 3. Bg2 Bf5 4. c4 c6 5. 0-0 e6 6. b3 Be7 7. Bb2 0-0 8. d3 h6 9. Nbd2 Bh7 10. Rc1 a5 11. a3 Nbd7 12. Rc2 b5 13. Nd4 Qb6 14. cxd5 cxd5 15. Nc6 Bc5 16. b4 axb4 17. axb4 Qxc6 18. bxc5 b4 19. Nb3 Ra2 20. Bxf6 Rxc2 21. Bxg7 Ra2 22. Bxh6 Rc8 23. Qc1 f6 24. Qf4 Kf7 25. Nd4 Qc7 26. Qg4 Nxc5 27. Qg7+ Ke8 28. Qh8+ 1-0

[Event "Oberliga Bayern 1516"]
[Site "Bayern"]
[Date "2016.03.13"]
[Round "8.8"]
[White "Offinger, Robert"]
[Black "Faralisz, Patrick"]
[Result "1/2-1/2"]
[WhiteElo "2145"]
[BlackElo "1893"]
[PlyCount "57"]
[EventDate "2015.10.11"]
[EventType "team-tourn"]
[EventRounds "9"]
[EventCountry "GER"]
[SourceTitle "EXT 2018"]
[Source "ChessBase"]
[SourceDate "2017.10.13"]
[SourceVersion "1"]
[SourceVersionDate "2017.10.13"]
[SourceQuality "1"]
[WhiteTeam "Passau"]
[BlackTeam "Nuernberg NT"]
[WhiteTeamCountry "GER"]
[BlackTeamCountry "GER"]

1. d4 d5 2. c4 c6 3. Nf3 Nf6 4. e3 Bf5 5. Nc3 a6 6. Be2 e6 7. Nh4 Bg6 8. Nxg6 hxg6 9. Qd3 Nbd7 10. 0-0 Bd6 11. g3 0-0 12. Bf3 Re8 13. b3 Rc8 14. Bb2 b5 15. a3 dxc4 16. bxc4 e5 17. cxb5 exd4 18. exd4 axb5 19. Rfe1 Rxe1+ 20. Rxe1 Nb6 21. d5 Nbxd5 22. Nxd5 Nxd5 23. Bxd5 cxd5 24. Qxd5 Bc5 25. Qe5 Qf8 26. Rc1 Kh7 27. Kg2 f6 28. Qd5 Be7 29. Rxc8 1/2-1/2

[Event "BL2-Ost 1415"]
[Site "Germany"]
[Date "2014.12.06"]
[Round "5.7"]
[White "Offinger, Robert"]
[Black "Hoffmeyer, Falk"]
[Result "0-1"]
[WhiteElo "2187"]
[BlackElo "2299"]
[PlyCount "90"]
[EventDate "2014.10.18"]
[EventType "team-tourn"]
[EventRounds "10"]
[EventCountry "GER"]
[SourceTitle "CBM 166 Extra"]
[Source "ChessBase"]
[SourceDate "2015.06.18"]
[SourceVersion "1"]
[SourceVersionDate "2015.06.18"]
[SourceQuality "1"]
[WhiteTeam "Passau"]
[BlackTeam "Zugzwang MSA"]
[WhiteTeamCountry "GER"]
[BlackTeamCountry "GER"]

1. d4 Nf6 2. Bg5 Ne4 3. Bf4 e6 4. f3 Bd6 5. Bxd6 Nxd6 6. e4 f5 7. e5 Nf7 8. f4 g5 9. fxg5 Qxg5 10. Qd2 b6 11. Nf3 Qxd2+ 12. Nbxd2 Rg8 13. Kf2 Nc6 14. g3 Bb7 15. Bg2 0-0-0 16. c3 Rg7 17. Ne1 Nh6 18. Bf3 Ng4+ 19. Ke2 Ba6+ 20. Nd3 Bxd3+ 21. Kxd3 Nf2+ 22. Ke3 Nxh1 23. Rxh1 Ne7 24. Rf1 h5 25. Rf2 Rh8 26. Nf1 h4 27. a4 hxg3 28. hxg3 d6 29. exd6 cxd6 30. c4 e5 31. Rc2 f4+ 32. gxf4 Nf5+ 33. Ke4 Nxd4 34. Rg2 Rxg2 35. Bxg2 Nb3 36. fxe5 Nc5+ 37. Kd5 dxe5 38. a5 Rg8 39. axb6 axb6 40. Bh3+ Kc7 41. Kxe5 Re8+ 42. Kf6 Re2 43. b4 Nd3 44. b5 Rf2+ 45. Kg7 Nf4 0-1

[Event "Oberliga Bayern 1314"]
[Site "Bayern"]
[Date "2014.02.09"]
[Round "6.7"]
[White "Bergauz, Noam"]
[Black "Offinger, Robert"]
[Result "1/2-1/2"]
[WhiteElo "1950"]
[BlackElo "2189"]
[PlyCount "85"]
[EventDate "2013.10.13"]
[EventType "team-tourn"]
[EventRounds "9"]
[EventCountry "GER"]
[SourceTitle "EXT 2015"]
[Source "ChessBase"]
[SourceDate "2014.11.20"]
[SourceVersion "1"]
[SourceVersionDate "2014.11.20"]
[SourceQuality "1"]
[WhiteTeam "Muenchen Suedost"]
[BlackTeam "Passau"]
[WhiteTeamCountry "GER"]
[BlackTeamCountry "GER"]

1. e4 e6 2. d4 d5 3. Nd2 c5 4. Ngf3 cxd4 5. Nxd4 Nf6 6. Bd3 Bc5 7. N4b3 dxe4 8. Nxc5 exd3 9. Nxd3 b6 10. Qf3 Qd5 11. Qxd5 Nxd5 12. Ne4 0-0 13. c4 Ne7 14. Nd6 Rd8 15. Nxc8 Nxc8 16. Ke2 Nc6 17. Be3 Nd6 18. Rac1 Nf5 19. Rhd1 e5 20. f3 f6 21. g4 Nfd4+ 22. Kf2 Rab8 23. f4 e4 24. Ne1 Ne6 25. Nc2 Nc5 26. Bxc5 bxc5 27. b3 Rd3 28. Ne3 Nb4 29. Ra1 Rbd8 30. Ke2 g6 31. a3 Nc6 32. Nd5 Nd4+ 33. Kf2 Rf3+ 34. Kg2 Rxb3 35. Nxf6+ Kg7 36. Nxe4 Rb2+ 37. Nf2 Rf8 38. Rab1 Rxb1 39. Rxb1 Rxf4 40. Rb7+ Rf7 41. Rxf7+ Kxf7 42. Ne4 Nc2 43. a4 1/2-1/2

[Event "Oberliga Bayern 1011"]
[Site "Germany"]
[Date "2010.10.24"]
[Round "2.6"]
[White "Giss, Arthur"]
[Black "Offinger, Robert"]
[Result "0-1"]
[WhiteElo "2038"]
[BlackElo "2146"]
[PlyCount "84"]
[EventDate "2010.10.10"]
[EventType "team-tourn"]
[EventRounds "9"]
[EventCountry "GER"]
[SourceTitle "EXT 2012"]
[Source "ChessBase"]
[SourceDate "2011.11.24"]
[SourceVersion "1"]
[SourceVersionDate "2011.11.24"]
[SourceQuality "1"]
[WhiteTeam "Dillingen"]
[BlackTeam "Passau"]
[WhiteTeamCountry "GER"]
[BlackTeamCountry "GER"]

1. e4 e6 2. d4 d5 3. Nd2 c5 4. exd5 Qxd5 5. Ngf3 cxd4 6. Bc4 Qd6 7. 0-0 Nf6 8. Nb3 Nc6 9. Nbxd4 Nxd4 10. Qxd4 a6 11. Qh4 Be7 12. Bg5 b5 13. Bd3 h6 14. Rad1 Qb6 15. Rfe1 Bb7 16. Be3 Qc7 17. Bf4 Qb6 18. Qh3 Nd5 19. Be5 Bf6 20. Be4 Bxe5 21. Nxe5 Nf6 22. Bf3 0-0 23. Ng4 Nxg4 24. Bxg4 Rad8 25. Qh4 Rxd1 26. Rxd1 Qc6 27. Qg3 Qxc2 28. Qe3 Qxb2 29. a3 Bd5 30. h3 a5 31. Qc5 b4 32. axb4 axb4 33. Rd4 b3 34. Rb4 Qc2 35. Qb6 Rc8 36. Kh2 Qc7+ 37. Qxc7 Rxc7 38. Be2 g5 39. Bd1 Rc1 40. Bg4 Rc2 41. Kg3 b2 42. Bf3 Ba2 0-1

[Event "Oberliga Ost-A 0910"]
[Site "Germany"]
[Date "2010.01.24"]
[Round "7.3"]
[White "Offinger, Robert"]
[Black "Hoffmann, Uwe1111"]
[Result "1/2-1/2"]
[WhiteElo "2246"]
[BlackElo "2174"]
[PlyCount "30"]
[EventDate "2009.10.18"]
[EventType "team-tourn"]
[EventRounds "11"]
[EventCountry "GER"]
[SourceTitle "EXT 2011"]
[Source "ChessBase"]
[SourceDate "2010.11.26"]
[SourceVersion "1"]
[SourceVersionDate "2010.11.26"]
[SourceQuality "1"]
[WhiteTeam "Magdeburg Aufbau Elbe"]
[BlackTeam "Magdeburg USC"]
[WhiteTeamCountry "GER"]
[BlackTeamCountry "GER"]

1. d4 d5 2. c4 e6 3. Nc3 c5 4. e3 Nf6 5. Nf3 Nc6 6. a3 a6 7. dxc5 dxc4 8. Qxd8+ Nxd8 9. Bxc4 Bxc5 10. b4 Be7 11. b5 Bd7 12. Bb2 Rc8 13. Bd3 axb5 14. Nxb5 0-0 15. Ne5 Nc6 1/2-1/2

[Event "Oberliga Ost-A 0910"]
[Site "Germany"]
[Date "2009.11.28"]
[Round "5.3"]
[White "Offinger, Robert"]
[Black "Kesik, Klaus Dieter"]
[Result "0-1"]
[WhiteElo "2246"]
[BlackElo "2230"]
[PlyCount "52"]
[EventDate "2009.10.18"]
[EventType "team-tourn"]
[EventRounds "11"]
[EventCountry "GER"]
[SourceTitle "EXT 2011"]
[Source "ChessBase"]
[SourceDate "2010.11.26"]
[SourceVersion "1"]
[SourceVersionDate "2010.11.26"]
[SourceQuality "1"]
[WhiteTeam "Magdeburg Aufbau Elbe"]
[BlackTeam "Hoyerswerda"]
[WhiteTeamCountry "GER"]
[BlackTeamCountry "GER"]

1. d4 d6 2. c4 Nf6 3. Nc3 g6 4. e4 Bg7 5. f3 0-0 6. Be3 Nc6 7. Nge2 a6 8. Rb1 e5 9. d5 Ne7 10. Ng3 Nd7 11. Bd3 f5 12. exf5 Nxf5 13. Nxf5 gxf5 14. 0-0 Kh8 15. f4 Nf6 16. h3 e4 17. Be2 Qe7 18. b4 Bd7 19. c5 h6 20. Qb3 Rg8 21. b5 axb5 22. Nxb5 Bxb5 23. cxd6 Qxd6 24. Bxb5 Ra3 25. Qc2 Rxe3 26. Bc4 Nh5 0-1

[Event "Oberliga Ost-A 0910"]
[Site "Germany"]
[Date "2009.10.18"]
[Round "1.3"]
[White "Middelhoff, Cornelius"]
[Black "Offinger, Robert"]
[Result "1/2-1/2"]
[WhiteElo "2151"]
[BlackElo "2246"]
[PlyCount "114"]
[EventDate "2009.10.18"]
[EventType "team-tourn"]
[EventRounds "11"]
[EventCountry "GER"]
[SourceTitle "EXT 2011"]
[Source "ChessBase"]
[SourceDate "2010.11.26"]
[SourceVersion "1"]
[SourceVersionDate "2010.11.26"]
[SourceQuality "1"]
[WhiteTeam "Jena Jenapharm"]
[BlackTeam "Magdeburg Aufbau Elbe"]
[WhiteTeamCountry "GER"]
[BlackTeamCountry "GER"]

1. d4 d5 2. c4 c6 3. Nf3 Nf6 4. Qb3 dxc4 5. Qxc4 Bf5 6. Nc3 e6 7. g3 Be7 8. Bg2 Nbd7 9. 0-0 0-0 10. Re1 Ne4 11. Qb3 Qb6 12. Nh4 Bxh4 13. gxh4 Ndf6 14. f3 Nxc3 15. bxc3 Bg6 16. e4 Nd7 17. Bf4 Rfe8 18. Reb1 Qxb3 19. Rxb3 b6 20. a4 e5 21. Bg3 c5 22. Bh3 f5 23. h5 Bf7 24. Rb2 cxd4 25. cxd4 exd4 26. Bxf5 Nc5 27. a5 Bxh5 28. axb6 axb6 29. Rd1 Bxf3 30. Rxd4 Bxe4 31. Bxe4 Rxe4 32. Rxe4 Nxe4 33. Rxb6 Nxg3 34. hxg3 Ra2 35. Rb7 h6 36. Rc7 Kh7 37. Rc6 h5 38. Rb6 g6 39. Rb7+ Kh6 40. Rb5 Rd2 41. Ra5 Re2 42. Kf1 Rd2 43. Kg1 Rd6 44. Kg2 g5 45. Rb5 Kg6 46. Ra5 Kf6 47. Kf2 Re6 48. Kf3 Re5 49. Ra8 Rf5+ 50. Kg2 Rd5 51. Rf8+ Kg6 52. Kg1 Rd6 53. Kg2 Rd2+ 54. Kg1 g4 55. Kf1 Kg5 56. Kg1 Rd6 57. Kg2 Rf6 1/2-1/2

[Event "Oberliga Ost-A 0809"]
[Site "Germany"]
[Date "2009.03.01"]
[Round "8.2"]
[White "Offinger, Robert"]
[Black "Richter, Maik"]
[Result "1-0"]
[WhiteElo "2256"]
[BlackElo "2128"]
[PlyCount "133"]
[EventDate "2008.10.12"]
[EventType "team-tourn"]
[EventRounds "11"]
[EventCountry "GER"]
[SourceTitle "EXT 2010"]
[Source "ChessBase"]
[SourceDate "2010.11.25"]
[SourceVersion "1"]
[SourceVersionDate "2010.11.25"]
[SourceQuality "1"]
[WhiteTeam "Magdeburg Aufbau Elbe"]
[BlackTeam "Ebersbach"]
[WhiteTeamCountry "GER"]
[BlackTeamCountry "GER"]

1. Nf3 f5 2. d3 d6 3. e4 e5 4. Nc3 Nf6 5. exf5 Bxf5 6. d4 e4 7. Nh4 Be6 8. d5 Bf7 9. Nf5 c6 10. dxc6 bxc6 11. f3 Bg6 12. fxe4 Nxe4 13. Nxe4 Bxf5 14. Ng3 Be7 15. Nxf5 Qa5+ 16. Bd2 Qxf5 17. Bd3 Bh4+ 18. g3 Qe5+ 19. Qe2 Qxe2+ 20. Bxe2 Bf6 21. 0-0-0 0-0 22. Bb4 Re8 23. Bc4+ d5 24. Rxd5 cxd5 25. Bxd5+ Kh8 26. Bxa8 Na6 27. Bc6 Rc8 28. Bb7 Rb8 29. Bxa6 Rxb4 30. b3 Kg8 31. Bc4+ Kf8 32. Rd1 Rb7 33. Rd3 Ke7 34. c3 Be5 35. Kc2 Rb8 36. Rf3 Bf6 37. b4 Kd6 38. Kb3 Re8 39. Bb5 Re1 40. Bd3 h6 41. c4 Ke5 42. Bc2 Re2 43. h3 Kd6 44. Rd3+ Kc6 45. a3 Kc7 46. c5 h5 47. Bd1 Rh2 48. Bxh5 Rxh3 49. Bg4 Rh2 50. Kc4 a6 51. Rd7+ Kc6 52. Rd6+ Kc7 53. Rxa6 Rg2 54. Be6 Rxg3 55. a4 g5 56. Ra7+ Kb8 57. Rf7 Be5 58. Kd5 Bf4 59. b5 Re3 60. Rf5 Rd3+ 61. Kc6 Rd8 62. b6 Re8 63. Bd5 Be3 64. Kb5 g4 65. c6 g3 66. c7+ Kc8 67. Kc6 1-0

[Event "Oberliga Ost-A 0809"]
[Site "Germany"]
[Date "2008.12.14"]
[Round "4.3"]
[White "Hoffmann, Hendrik"]
[Black "Offinger, Robert"]
[Result "1/2-1/2"]
[WhiteElo "2211"]
[BlackElo "2256"]
[PlyCount "66"]
[EventDate "2008.10.12"]
[EventType "team-tourn"]
[EventRounds "11"]
[EventCountry "GER"]
[SourceTitle "EXT 2010"]
[Source "ChessBase"]
[SourceDate "2010.11.25"]
[SourceVersion "1"]
[SourceVersionDate "2010.11.25"]
[SourceQuality "1"]
[WhiteTeam "Leipzig Gohlis"]
[BlackTeam "Magdeburg Aufbau Elbe"]
[WhiteTeamCountry "GER"]
[BlackTeamCountry "GER"]

1. c4 c6 2. e4 d5 3. exd5 cxd5 4. d4 Nf6 5. Nc3 e6 6. cxd5 Nxd5 7. Nf3 Be7 8. Bd3 Nc6 9. 0-0 0-0 10. Re1 Nf6 11. Ne4 Nxe4 12. Bxe4 Bd7 13. Ne5 Nxe5 14. dxe5 Bc6 15. Bxc6 bxc6 16. Qg4 Kh8 17. Be3 Qd5 18. h4 Rab8 19. Red1 Qb5 20. Bxa7 Ra8 21. Bd4 c5 22. Bc3 Ra4 23. f4 Rfa8 24. b3 Rxa2 25. Rxa2 Rxa2 26. f5 exf5 27. Qxf5 Qc6 28. Qg4 Qe6 29. Qxe6 fxe6 30. Rd7 Bf8 31. Bd2 Kg8 32. Kf2 Rb2 33. Rd3 Kf7 1/2-1/2

[Event "Oberliga Ost-A 0809"]
[Site "Germany"]
[Date "2008.11.29"]
[Round "2.3"]
[White "Neukirch, Detlef"]
[Black "Offinger, Robert"]
[Result "0-1"]
[WhiteElo "2276"]
[BlackElo "2256"]
[PlyCount "106"]
[EventDate "2008.10.12"]
[EventType "team-tourn"]
[EventRounds "11"]
[EventCountry "GER"]
[SourceTitle "EXT 2010"]
[Source "ChessBase"]
[SourceDate "2010.11.25"]
[SourceVersion "1"]
[SourceVersionDate "2010.11.25"]
[SourceQuality "1"]
[WhiteTeam "Halle USV"]
[BlackTeam "Magdeburg Aufbau Elbe"]
[WhiteTeamCountry "GER"]
[BlackTeamCountry "GER"]

1. e4 e6 2. d4 d5 3. e5 c5 4. c3 Bd7 5. Nf3 a6 6. Be2 cxd4 7. cxd4 Bb5 8. 0-0 Bxe2 9. Qxe2 Nc6 10. Nc3 Nge7 11. Be3 Nf5 12. Rfc1 Be7 13. Na4 0-0 14. Nc5 Bxc5 15. Rxc5 f6 16. exf6 gxf6 17. Bf4 Qd7 18. Qd2 Rad8 19. Rac1 Nd6 20. Bxd6 Qxd6 21. b4 e5 22. dxe5 fxe5 23. Rd1 e4 24. Nh4 Qf4 25. Qxf4 Rxf4 26. g3 Rf6 27. Rcxd5 Rxd5 28. Rxd5 Nxb4 29. Rd2 b5 30. a3 Nc6 31. Rd5 Re6 32. Nf5 Re5 33. Rd6 Rxf5 34. Rxc6 a5 35. Ra6 a4 36. Rb6 Re5 37. Kf1 e3 38. f4 Rc5 39. Ke2 Rc3 40. Rxb5 Rxa3 41. h4 Ra1 42. Rg5+ Kf8 43. Rf5+ Kg7 44. Rg5+ Kf6 45. Rh5 a3 46. Rxh7 a2 47. Ra7 Rh1 48. Rxa2 Rh2+ 49. Kxe3 Rxa2 50. g4 Ke6 51. h5 Kd5 52. Kf3 Ra3+ 53. Kg2 Ke4 0-1

[Event "Oberliga Ost-A 0708"]
[Site "Germany"]
[Date "2008.04.06"]
[Round "9.2"]
[White "Offinger, Robert"]
[Black "Hoepfl, Thomas"]
[Result "1/2-1/2"]
[WhiteElo "2275"]
[BlackElo "2355"]
[PlyCount "40"]
[EventDate "2007.09.23"]
[EventType "team-tourn"]
[EventRounds "11"]
[EventCountry "GER"]
[SourceTitle "EXT 2009"]
[Source "ChessBase"]
[SourceDate "2008.11.26"]
[SourceVersion "1"]
[SourceVersionDate "2008.11.26"]
[SourceQuality "1"]
[WhiteTeam "Magdeburg Aufbau Elbe"]
[BlackTeam "Halle USV"]
[WhiteTeamCountry "GER"]
[BlackTeamCountry "GER"]

1. d4 Nf6 2. Bg5 Ne4 3. Bf4 c5 4. f3 Qa5+ 5. c3 Nf6 6. Nd2 cxd4 7. Nb3 Qf5 8. Bxb8 Rxb8 9. Qxd4 b6 10. e4 Qf4 11. Nh3 Qc7 12. e5 Ng8 13. Ng5 f6 14. exf6 Nxf6 15. Ne4 Nxe4 16. fxe4 e5 17. Qc4 Qxc4 18. Bxc4 Bc5 19. Nxc5 bxc5 20. 0-0-0 Rb6 1/2-1/2

[Event "Oberliga Ost-A 0708"]
[Site "Germany"]
[Date "2008.03.09"]
[Round "8.2"]
[White "Fuchs, Judith"]
[Black "Offinger, Robert"]
[Result "1-0"]
[WhiteElo "2116"]
[BlackElo "2275"]
[PlyCount "59"]
[EventDate "2007.09.23"]
[EventType "team-tourn"]
[EventRounds "11"]
[EventCountry "GER"]
[SourceTitle "EXT 2009"]
[Source "ChessBase"]
[SourceDate "2008.11.26"]
[SourceVersion "1"]
[SourceVersionDate "2008.11.26"]
[SourceQuality "1"]
[WhiteTeam "Leipzig Gohlis II"]
[BlackTeam "Magdeburg Aufbau Elbe"]
[WhiteTeamCountry "GER"]
[BlackTeamCountry "GER"]

1. e4 e6 2. d4 d5 3. Nc3 Nf6 4. e5 Nfd7 5. f4 c5 6. Nf3 Nc6 7. Be3 a6 8. Qd2 b5 9. a3 Qa5 10. dxc5 Bxc5 11. Bxc5 Nxc5 12. Nd4 Qb6 13. Nxc6 Qxc6 14. b4 Ne4 15. Nxe4 dxe4 16. Rc1 0-0 17. c4 bxc4 18. Qe3 Bb7 19. Bxc4 Rad8 20. 0-0 Qd7 21. Rfe1 a5 22. bxa5 Qa4 23. Qb6 Ba8 24. Qb4 Qc6 25. Be2 Qd5 26. Red1 Qa2 27. Rxd8 Rxd8 28. Bc4 Qd2 29. Qxd2 Rxd2 30. Bd5 1-0

[Event "Oberliga Ost-A 0708"]
[Site "Germany"]
[Date "2008.01.19"]
[Round "6.2"]
[White "Hollstein, Frank"]
[Black "Offinger, Robert"]
[Result "0-1"]
[WhiteElo "2089"]
[BlackElo "2275"]
[PlyCount "136"]
[EventDate "2007.09.23"]
[EventType "team-tourn"]
[EventRounds "11"]
[EventCountry "GER"]
[SourceTitle "EXT 2009"]
[Source "ChessBase"]
[SourceDate "2008.11.26"]
[SourceVersion "1"]
[SourceVersionDate "2008.11.26"]
[SourceQuality "1"]
[WhiteTeam "Ebersbach"]
[BlackTeam "Magdeburg Aufbau Elbe"]
[WhiteTeamCountry "GER"]
[BlackTeamCountry "GER"]

1. d4 d5 2. Nf3 Nf6 3. c4 c6 4. Nc3 dxc4 5. e3 b5 6. a4 b4 7. Na2 e6 8. Bxc4 Be7 9. 0-0 0-0 10. Ne5 Bb7 11. Nd3 a5 12. Bd2 Nbd7 13. Nac1 Ne4 14. Be1 c5 15. dxc5 Ndxc5 16. Qe2 Rc8 17. Nxc5 Nxc5 18. f3 e5 19. e4 Nxe4 20. Kh1 Qc7 21. Bb5 Nc5 22. Bg3 Bd6 23. Rd1 Rfd8 24. Qe3 e4 25. Bxd6 Rxd6 26. Re1 g6 27. f4 Rcd8 28. f5 Nd3 29. Nxd3 exd3 30. Qd2 gxf5 31. Rac1 Qb6 32. Rg1 Rg6 33. b3 Qd6 34. Rcf1 Be4 35. Bc4 Rg4 36. Qf2 h5 37. Qe3 Kh7 38. Bxf7 Kg7 39. Bxh5 Rh8 40. Qa7+ Kf6 41. Qf7+ Kg5 42. Qg7+ Kxh5 43. Qxh8+ Kg6 44. Qg8+ Kh6 45. Qh8+ Kg6 46. Qg8+ Kh6 47. Qh8+ Kg5 48. Qg8+ Qg6 49. Qxg6+ Kxg6 50. Rf2 Kf6 51. Rc1 Ke5 52. Kg1 Kd4 53. Kf1 Bd5 54. Rb2 Rf4+ 55. Kg1 Re4 56. Kf2 f4 57. Kf1 Re3 58. Kf2 f3 59. gxf3 Rxf3+ 60. Kg1 Bxb3 61. Rxb3 d2 62. Rd1 Rxb3 63. Rxd2+ Rd3 64. Rf2 b3 65. Rf8 b2 66. Rd8+ Kc3 67. Rc8+ Kd2 68. Rb8 Kc2 0-1